[Event "SVK-chT3A2 0809"]
[Site "Slovakia"]
[Date "2008.12.14"]
[Round "4.4"]
[White "Lopatievov, Alexander"]
[Black "Slamka, Michal"]
[Result "1/2-1/2"]
[WhiteElo "2020"]
[BlackElo "1734"]
[PlyCount "111"]
[EventDate "2008.10.19"]
[EventType "team-tourn"]
[EventRounds "11"]
[EventCountry "SVK"]
[SourceTitle "EXT 2010"]
[Source "ChessBase"]
[SourceDate "2010.11.25"]
[SourceVersion "1"]
[SourceVersionDate "2010.11.25"]
[SourceQuality "1"]
[WhiteTeam "Trnava Modranka"]
[BlackTeam "Hlohovec SK Zentiva III"]
[WhiteTeamCountry "SVK"]
[BlackTeamCountry "SVK"]

1. c4 e6 2. Nf3 Nf6 3. Nc3 b6 4. d4 Bb7 5. Bg5 Be7 6. d5 h6 7. Bh4 d6 8. e3 Nbd7 9. Be2 e5 10. Bxf6 Nxf6 11. b4 0-0 12. a4 a5 13. b5 Nd7 14. Nd2 Nc5 15. 0-0 f5 16. e4 f4 17. Nb3 Nxb3 18. Qxb3 Bc8 19. Qd1 Qe8 20. Bg4 Qg6 21. h3 Bxg4 22. Qxg4 Qxg4 23. hxg4 Bg5 24. Rad1 Kh7 25. Rd3 Rf7 26. Rh3 Raf8 27. Rf3 Be7 28. Rd1 g5 29. Rdd3 Kg6 30. Rh3 Rg7 31. Rh5 Rh8 32. Nb1 Rf7 33. Nd2 Rfh7 34. Rdh3 Bf6 35. Rd3 Be7 36. g3 Rf7 37. Kg2 fxg3 38. Kxg3 Rf4 39. Rf3 Rhf8 40. Rh1 Rxf3+ 41. Nxf3 Rf4 42. Nd2 Kg7 43. f3 Rf8 44. Nf1 Rh8 45. Ne3 Kg6 46. Nf5 Bf8 47. Rh5 Rh7 48. Kf2 Rf7 49. Rh1 Rh7 50. Ne3 Rf7 51. Rd1 Rh7 52. Nf5 Rd7 53. Ne3 Rh7 54. c5 dxc5 55. Nf5 Bd6 56. Ng3 1/2-1/2

[Event "SVK-chT3A2 0809"]
[Site "Slovakia"]
[Date "2008.10.19"]
[Round "1.6"]
[White "Brisudova, Veronika"]
[Black "Slamka, Michal"]
[Result "1/2-1/2"]
[WhiteElo "1777"]
[BlackElo "1734"]
[PlyCount "94"]
[EventDate "2008.10.19"]
[EventType "team-tourn"]
[EventRounds "11"]
[EventCountry "SVK"]
[SourceTitle "EXT 2010"]
[Source "ChessBase"]
[SourceDate "2010.11.25"]
[SourceVersion "1"]
[SourceVersionDate "2010.11.25"]
[SourceQuality "1"]
[WhiteTeam "Skalica"]
[BlackTeam "Hlohovec SK Zentiva III"]
[WhiteTeamCountry "SVK"]
[BlackTeamCountry "SVK"]

1. e4 c5 2. Nf3 Nc6 3. d4 cxd4 4. Nxd4 g6 5. c4 Bg7 6. Be3 d6 7. Nc3 Nf6 8. Be2 0-0 9. 0-0 Bd7 10. Qd2 Ng4 11. Nxc6 bxc6 12. Bf4 Qa5 13. h3 Nf6 14. Rad1 Be6 15. Bh6 Rfd8 16. Bxg7 Kxg7 17. Kh1 Rab8 18. f4 Qb4 19. b3 Bc8 20. e5 Ne8 21. Qe3 Qb6 22. Qg3 dxe5 23. Rxd8 Qxd8 24. fxe5 Be6 25. Ne4 f6 26. Nc5 Nc7 27. Rd1 Qc8 28. Bf3 f5 29. Qg5 Qf8 30. Bxc6 h6 31. Qd2 Qf7 32. Qa5 Rb6 33. Nxe6+ Qxe6 34. Bd7 Qg8 35. Qxa7 Qb8 36. Qa3 Kf8 37. Qc1 Kg7 38. c5 Ra6 39. Qb2 Ne6 40. c6 Nc5 41. e6+ Kh7 42. Qc2 Qe5 43. b4 Ne4 44. Kg1 Ra7 45. b5 Qxb5 46. a4 Qe5 47. Rb1 Qd4+ 1/2-1/2

[Event "SVK-chT2A 0708"]
[Site "Slovakia"]
[Date "2008.03.09"]
[Round "11.8"]
[White "Janecek, Jan"]
[Black "Slamka, Michal"]
[Result "1/2-1/2"]
[WhiteElo "1979"]
[BlackElo "1703"]
[PlyCount "70"]
[EventDate "2007.10.06"]
[EventType "team-tourn"]
[EventRounds "11"]
[EventCountry "SVK"]
[SourceTitle "EXT 2010"]
[Source "ChessBase"]
[SourceDate "2010.11.25"]
[SourceVersion "1"]
[SourceVersionDate "2010.11.25"]
[SourceQuality "1"]
[WhiteTeam "Bratislava Doprastav"]
[BlackTeam "Hlohovec SK Zentiva III"]
[WhiteTeamCountry "SVK"]
[BlackTeamCountry "SVK"]

1. d4 e6 2. c4 Nf6 3. Nf3 Bb4+ 4. Bd2 Nc6 5. e3 Qe7 6. a3 Bxd2+ 7. Nbxd2 a5 8. Bd3 b6 9. 0-0 0-0 10. Qc2 d6 11. Ne4 h6 12. Rac1 Bb7 13. Ng3 Na7 14. e4 c5 15. d5 e5 16. h3 g6 17. Nh2 Bc8 18. Qd2 g5 19. Rce1 Kh7 20. f3 Bd7 21. Ng4 Rg8 22. Nxf6+ Qxf6 23. Nh5 Qg6 24. g4 f6 25. Re2 Qf7 26. Rh2 Nc8 27. h4 Ne7 28. hxg5 Rxg5 29. Kf2 Rag8 30. Rfh1 Qf8 31. Ng3 Ng6 32. Nh5 Nh8 33. Be2 R5g6 34. Ke1 Nf7 35. Ng3 Qe7 1/2-1/2

[Event "SVK-chT2A 0708"]
[Site "Slovakia"]
[Date "2008.02.03"]
[Round "9.8"]
[White "Sosovicka, Matej"]
[Black "Slamka, Michal"]
[Result "1-0"]
[WhiteElo "1899"]
[BlackElo "1703"]
[PlyCount "113"]
[EventDate "2007.10.06"]
[EventType "team-tourn"]
[EventRounds "11"]
[EventCountry "SVK"]
[SourceTitle "EXT 2010"]
[Source "ChessBase"]
[SourceDate "2010.11.25"]
[SourceVersion "1"]
[SourceVersionDate "2010.11.25"]
[SourceQuality "1"]
[WhiteTeam "Devinska Nova Ves"]
[BlackTeam "Hlohovec SK Zentiva III"]
[WhiteTeamCountry "SVK"]
[BlackTeamCountry "SVK"]

1. e4 e5 2. Nf3 Nc6 3. Bb5 a6 4. Ba4 b5 5. Bb3 d6 6. 0-0 Na5 7. c3 Nxb3 8. Qxb3 Be6 9. Qc2 c5 10. d3 Be7 11. Nbd2 Bg4 12. h3 Bh5 13. Kh1 Nf6 14. Rg1 Nd7 15. g4 Bg6 16. Nf1 Nf8 17. Ng3 Ne6 18. Nf5 f6 19. h4 Bf7 20. g5 Bh5 21. Nh2 Bg6 22. Qb3 Qd7 23. Qxe6 Qxe6 24. Nxg7+ Kd7 25. Nxe6 Kxe6 26. f4 exf4 27. Bxf4 Rhf8 28. Raf1 c4 29. Re1 fxg5 30. Bxg5 Rf2 31. d4 Raf8 32. d5+ Kd7 33. Ng4 Rxb2 34. e5 Bxg5 35. hxg5 Rf4 36. Nf6+ Ke7 37. exd6+ Kxd6 38. Re6+ Kc7 39. d6+ Kd8 40. Rg2 Rb1+ 41. Kh2 Rbf1 42. d7 Rxf6 43. gxf6 Kxd7 44. Rxa6 Rf3 45. Rg5 Rxc3 46. Re5 Kc7 47. Re7+ Kb8 48. f7 Bxf7 49. Rxf7 Rd3 50. Re6 Rd8 51. Re5 c3 52. Rxb5+ Ka8 53. Rc5 Kb8 54. Rxc3 Rd2+ 55. Kg3 Rxa2 56. Re3 Rc2 57. Re8+ 1-0

[Event "SVK-chT2A 0708"]
[Site "Slovakia"]
[Date "2008.02.02"]
[Round "8.7"]
[White "Raczko, Peter"]
[Black "Slamka, Michal"]
[Result "1-0"]
[WhiteElo "2012"]
[BlackElo "1703"]
[PlyCount "113"]
[EventDate "2007.10.06"]
[EventType "team-tourn"]
[EventRounds "11"]
[EventCountry "SVK"]
[SourceTitle "EXT 2010"]
[Source "ChessBase"]
[SourceDate "2010.11.25"]
[SourceVersion "1"]
[SourceVersionDate "2010.11.25"]
[SourceQuality "1"]
[WhiteTeam "Bratislava Doprastav II"]
[BlackTeam "Hlohovec SK Zentiva III"]
[WhiteTeamCountry "SVK"]
[BlackTeamCountry "SVK"]

1. e4 e5 2. Nf3 Nc6 3. Bc4 Bc5 4. c3 d6 5. 0-0 Qe7 6. d4 Bb6 7. d5 Nd8 8. Be3 f5 9. Bg5 Nf6 10. exf5 Bxf5 11. Nbd2 Nf7 12. Bb5+ Bd7 13. Bxd7+ Qxd7 14. Bxf6 gxf6 15. Ne4 Qf5 16. Qa4+ Ke7 17. Ng3 Qg6 18. Nh4 Qg5 19. Nhf5+ Kd8 20. Kh1 Nh6 21. Nxh6 Qxh6 22. f4 Rg8 23. Nf5 Qg6 24. Qe4 Kd7 25. fxe5 fxe5 26. Qa4+ c6 27. dxc6+ bxc6 28. Ng3 Raf8 29. Qh4 d5 30. Qh3+ Kc7 31. Nf5 Bc5 32. Rf3 e4 33. Rg3 Qf7 34. Rxg8 Qxg8 35. Rf1 Qg6 36. g4 Re8 37. Qg3+ Bd6 38. Qf2 c5 39. Nxd6 Kxd6 40. Qf4+ Kc6 41. Qe3 Qxg4 42. b4 d4 43. cxd4 Rg8 44. d5+ Kd7 45. Qf2 e3 46. Qc2 e2 47. Qa4+ Kd8 48. Qa5+ Ke8 49. Qb5+ Qd7 50. Qxe2+ Kd8 51. Qe5 c4 52. Qb8+ Qc8 53. Qxa7 Re8 54. Qd4 Qc7 55. Rc1 Qf7 56. Qb6+ Ke7 57. Qc7+ 1-0